000
00284nam a2200121Ia 4500
008
231129s1984||||xx |||||||||||||| ||spa||
040
_b
spa
082
_a
370 T147
245
0
_a
Los talleres pedagógicos
260
_c
1984
264
_a
Colegio Rafael Uribe Uribe
942
_2
ddc
_c
BKS
999
_c
20083
_d
20083